000 01229nam a2200301 i 4500
001 124966
003 ES-MaACL
005 20251230121940.0
007 t|
008 070425s1925 sp ||||1| spa d
080 _a331.25(460)
100 1 _aAznar, Severino,
_d1870-1959
_924307
245 1 3 _aEl retiro obrero y la agricultura /
_cpor Severino Aznar.
250 _a2ª ed., corr. y aumen.
260 _aMadrid :
_b[s.n.],
_c1925 (
_fSobrinos Sucesores de Minuesa de los Ríos)
300 _a127 p. ;
_c22 cm.
490 1 _aPublicaciones del Instituto Nacional de Previsión ;
_v153
530 _aDisponible en formato digital.
650 4 _aTrabajadores agrícolas-
_zEspaña.
_917584
650 4 _aPensiones de jubilación-
_zEspaña.
_9164766
710 2 _aInstituto Nacional de Previsión (España)
_95180
830 0 _aPublicaciones del Instituto Nacional de Previsión ;
_v153
_9181151
852 _aES-MaACL
_jC-12647(11)
_cSPAL
852 _aES-MaACL
_j1693-F-6
_9 129586
_cDEPOF
_zRevisado enlace: 05 de Abril de 2025
856 4 _uhttp://bvingesa.mspsi.es/bvingesa/es/catalogo_imagenes/grupo.cmd?path=1000421
_z(Instituto Nacional de Gestión Sanitaria)
942 _2udc
999 _c124966
_d124966